000 00611cam a22002173a 4500
001 29477
003 PGUSA
005 20140828083634.0
008 090721s2009||||xxu|||||s|||||000 | eng d
040 _aPGUSA
_beng
042 _adc
050 4 _aPN
245 1 4 _aThe Universal Reciter :
_b81 Choice Pieces of Rare Poetical Gems
_h[electronic resource] /
_cVarious
260 _bProject Gutenberg,
_c2009
506 _aPublic domain in the USA.
516 _aElectronic text
653 _aRecitations
830 0 _aProject Gutenberg
_v29477
856 4 0 _uhttp://www.gutenberg.org/ebooks/29477
942 _cEB
999 _c258732
_d258732